[Event "Championnat de France - Open B"]
[Site "Aix-les-Bains"]
[Date "????.??.??"]
[Round "1.1"]
[White "Giry, Jean-Marc"]
[Black "Neuhauser, Salome"]
[Result "1-0"]
[WhiteElo "2000"]
[BlackElo "1878"]
[PlyCount "47"]

1. c4 Nf6 2. g3 c5 3. Bg2 g6 4. Nc3 Nc6 5. e4 Bg7 6. Nge2 d6 7. d3 O-O 8. O-O
Nd7 9. h3 f5 10. exf5 Rxf5 11. g4 Rf8 12. Bg5 Nf6 13. Qd2 Rb8 14. Rae1 e5 15.
Ng3 Qd7 16. f4 b6 17. f5 Bb7 18. Nd5 Nxd5 19. Bxd5+ Kh8 20. f6 Nd4 21. fxg7+
Qxg7 22. Bh6 Rxf1+ 23. Rxf1 Qe7 24. Bg5 1-0

[Event "Championnat de France - Open B"]
[Site "Aix-les-Bains"]
[Date "????.??.??"]
[Round "1.2"]
[White "Feryn, Benjamin"]
[Black "Martin, Bruno"]
[Result "1/2-1/2"]
[WhiteElo "1876"]
[BlackElo "1999"]
[PlyCount "93"]

1. e4 d6 2. d4 Nf6 3. Nc3 g6 4. Nf3 Bg7 5. Be2 O-O 6. O-O c6 7. Bg5 Qc7 8. Qd2
b5 9. a3 a6 10. e5 dxe5 11. Nxe5 Rd8 12. Bf3 Ne8 13. Qf4 Nd6 14. Bh6 Bxh6 15.
Qxh6 Nf5 16. Qf4 Rxd4 17. Ne4 Ra7 18. c3 Rd8 19. Rad1 f6 20. Rxd8+ Qxd8 21.
Nxg6 hxg6 22. Qxb8 Rb7 23. Qf4 e5 24. Qc1 Rh7 25. Rd1 Qe7 26. Qd2 Rf7 27. Qd8+
Rf8 28. Qxe7 Nxe7 29. Rd6 f5 30. Nc5 e4 31. Bd1 Kg7 32. Ne6+ Bxe6 33. Rxe6 Rd8
34. Bb3 Rd7 35. Kf1 a5 36. a4 bxa4 37. Bxa4 Kf7 38. Re5 Rd5 39. Bb3 Kf6 40.
Rxd5 cxd5 41. Ke2 g5 42. g3 Ke5 43. Ba4 Nc8 44. b3 Nd6 45. Bd7 d4 46. cxd4+
Kxd4 47. Kd2 1/2-1/2

[Event "Championnat de France - Open B"]
[Site "Aix-les-Bains"]
[Date "????.??.??"]
[Round "1.3"]
[White "Le Diouron, Aurelie"]
[Black "Cloarec, Audrey"]
[Result "1-0"]
[WhiteElo "1995"]
[BlackElo "1875"]
[PlyCount "75"]

1. e4 g6 2. d4 Bg7 3. Nc3 d6 4. Be3 Nf6 5. f3 O-O 6. Qd2 e5 7. d5 Ne8 8. O-O-O
f5 9. Bh6 Nf6 10. exf5 Bxf5 11. g4 Bxh6 12. Qxh6 Bxg4 13. fxg4 Nxg4 14. Qd2 Nf2
15. Bh3 Qh4 16. Be6+ Kg7 17. Rf1 Na6 18. Nge2 Nxh1 19. Rxh1 Rf2 20. Qe1 Raf8
21. Kb1 Qh5 22. Ng3 Qh4 23. Nce4 R2f4 24. Qe2 Nc5 25. Nxc5 Rf2 26. Qb5 Rxh2 27.
Rc1 Qxg3 28. Qd7+ Kh6 29. Qe7 Rf4 30. Nd3 Rf3 31. Bg8 a6 32. Qxh7+ Kg5 33. Qxc7
Rxd3 34. Qe7+ Kh5 35. cxd3 Qxd3+ 36. Ka1 Qg3 37. Qxd6 Qg2 38. Qxe5+ 1-0

[Event "Championnat de France - Open B"]
[Site "Aix-les-Bains"]
[Date "????.??.??"]
[Round "1.4"]
[White "Billon, Olivier"]
[Black "Morel, Jean-Marc"]
[Result "1/2-1/2"]
[WhiteElo "1871"]
[BlackElo "1994"]
[PlyCount "86"]

1. e4 c6 2. d4 d5 3. exd5 cxd5 4. c4 Nf6 5. Nc3 Nc6 6. Nf3 Bg4 7. cxd5 Nxd5 8.
Qb3 Bxf3 9. gxf3 Nb6 10. Be3 e6 11. O-O-O Rc8 12. Kb1 Qf6 13. d5 exd5 14. Bxb6
axb6 15. Nxd5 Qh4 16. Bb5 Bc5 17. Rhe1+ Kf8 18. Bxc6 Rxc6 19. Re4 Qg5 20. h4
Qd8 21. Qa4 g6 22. h5 Kg7 23. Rf4 Rd6 24. h6+ Kxh6 25. Rxf7 g5 26. Qg4 Bxf2 27.
Rh1+ Bh4 28. f4 Rg8 29. fxg5+ Qxg5 30. Rxh4+ Kg6 31. Qxg5+ Kxg5 32. Rhxh7 Rxd5
33. Rhg7+ Rxg7 34. Rxg7+ Kf5 35. Rxb7 b5 36. Kc2 Ke5 37. Kb3 Kd6 38. a4 bxa4+
39. Kxa4 Kc6 40. Rh7 Kb6 41. b4 Rd6 42. Rh8 Rg6 43. Rb8+ Ka6 1/2-1/2

[Event "Championnat de France - Open B"]
[Site "Aix-les-Bains"]
[Date "????.??.??"]
[Round "1.5"]
[White "Bosel, Gunter"]
[Black "Miras, Christophe"]
[Result "0-1"]
[WhiteElo "1990"]
[BlackElo "1871"]
[PlyCount "64"]

1. c4 f5 2. Nc3 Nf6 3. b3 g6 4. Bb2 Bg7 5. d4 O-O 6. e3 d6 7. f4 Ng4 8. Qf3 e5
9. dxe5 dxe5 10. Rd1 Qe7 11. Nd5 Qf7 12. Ba3 Re8 13. h3 Nf6 14. Nxf6+ Bxf6 15.
Kf2 Nc6 16. c5 exf4 17. Bc4 fxe3+ 18. Qxe3 Be6 19. Qf4 Bxc4 20. Qxc4 Qxc4 21.
bxc4 Rad8 22. Nf3 Kf7 23. Bc1 Rxd1 24. Rxd1 Rd8 25. Rd5 Nb4 26. Rxd8 Bxd8 27.
Ne5+ Ke6 28. a3 Kxe5 29. axb4 Kd4 30. Bd2 Kxc4 31. g4 fxg4 32. hxg4 Bf6 0-1

[Event "Championnat de France - Open B"]
[Site "Aix-les-Bains"]
[Date "????.??.??"]
[Round "1.6"]
[White "Cohen-Solal, Lennie"]
[Black "Saez, Nicolas"]
[Result "0-1"]
[WhiteElo "1870"]
[BlackElo "1989"]
[PlyCount "62"]

1. e4 e5 2. Bc4 Nc6 3. d3 Nf6 4. Nc3 d6 5. Bg5 Be7 6. Rc1 Na5 7. h4 Nxc4 8.
dxc4 Be6 9. Qd3 h6 10. Bd2 c6 11. Nge2 Qd7 12. a3 d5 13. cxd5 cxd5 14. exd5
Nxd5 15. Qg3 Bf6 16. Ne4 O-O-O 17. Nc5 Qc6 18. Nxe6 Qxe6 19. O-O g5 20. h5 Nf4
21. Qc3+ Kb8 22. Ng3 Qd5 23. Bxf4 gxf4 24. Ne2 Rhg8 25. g3 f3 26. Nf4 exf4 27.
Qxf6 fxg3 28. Qf4+ Qd6 29. Qxf3 gxf2+ 30. Kh1 Rg3 31. Qf5 Qc6+ 0-1

[Event "Championnat de France - Open B"]
[Site "Aix-les-Bains"]
[Date "????.??.??"]
[Round "1.7"]
[White "De La Fontaine, Christophe"]
[Black "Walter, Benjamin"]
[Result "1/2-1/2"]
[WhiteElo "1985"]
[BlackElo "1869"]
[PlyCount "64"]

1. d4 c5 2. Nf3 cxd4 3. Nxd4 d5 4. g3 e5 5. Nf3 Nc6 6. Bg2 Nf6 7. O-O Be7 8. c4
d4 9. Qa4 O-O 10. Rd1 Bd7 11. a3 Rc8 12. Qc2 g6 13. b4 Bf5 14. Qb2 Qc7 15. Bg5
Ne4 16. Bxe7 Qxe7 17. Nh4 Nd6 18. Nxf5 Nxf5 19. Nd2 Nd6 20. Rac1 f5 21. b5 Nd8
22. c5 Ne4 23. Bxe4 fxe4 24. Nxe4 Ne6 25. Qb3 Kh8 26. Qd5 Ng5 27. Nxg5 Qxg5 28.
Qxb7 Rb8 29. Qc6 Rxf2 30. Kxf2 Qe3+ 31. Ke1 Qg1+ 32. Kd2 Qe3+ 1/2-1/2

[Event "Championnat de France - Open B"]
[Site "Aix-les-Bains"]
[Date "????.??.??"]
[Round "1.8"]
[White "Lagunes, Matthieu"]
[Black "Fageot, Julien"]
[Result "1-0"]
[WhiteElo "1868"]
[BlackElo "1985"]
[PlyCount "29"]

1. e4 e6 2. d4 d5 3. Nc3 Nf6 4. Bg5 Be7 5. e5 Nfd7 6. h4 h6 7. Bxe7 Qxe7 8. Qg4
g6 9. O-O-O Nf8 10. Nxd5 Qd8 11. Nf6+ Ke7 12. d5 exd5 13. Qb4+ Ke6 14. Rxd5
Nfd7 15. Rd6+ 1-0

[Event "Championnat de France - Open B"]
[Site "Aix-les-Bains"]
[Date "????.??.??"]
[Round "1.9"]
[White "Gey, Marc-Emile"]
[Black "Scamps, Guillaume"]
[Result "1-0"]
[WhiteElo "1985"]
[BlackElo "1864"]
[PlyCount "59"]

1. Nf3 Nf6 2. g3 g6 3. b3 Bg7 4. Bb2 O-O 5. Bg2 d6 6. O-O c5 7. d3 b5 8. Nfd2
d5 9. c4 b4 10. cxd5 Nxd5 11. Bxg7 Kxg7 12. Qc2 Na6 13. a3 Bg4 14. Qc4 Be6 15.
Qxa6 Qc7 16. axb4 cxb4 17. Qc4 Qd7 18. Bxd5 Qxd5 19. Qxd5 Bxd5 20. Rc1 Rfc8 21.
Nc4 Rc7 22. Nbd2 Rac8 23. Ra5 Be6 24. Rca1 Ra8 25. Rb5 Bd7 26. Rxb4 a6 27. Rb6
Bb5 28. Rxb5 axb5 29. Rxa8 bxc4 30. dxc4 1-0

[Event "Championnat de France - Open B"]
[Site "Aix-les-Bains"]
[Date "????.??.??"]
[Round "1.10"]
[White "Guyon, Cyndie"]
[Black "Constantin, Francois"]
[Result "1-0"]
[WhiteElo "1862"]
[BlackElo "1984"]
[PlyCount "83"]

1. d4 f5 2. Bg5 d5 3. e3 Nd7 4. Bd3 Ndf6 5. c4 c6 6. Nc3 e6 7. Nge2 Bd6 8. Rc1
Bd7 9. Qb3 Qb8 10. Bf4 Bxf4 11. Nxf4 Ne7 12. O-O g5 13. Nfe2 Ng6 14. cxd5 exd5
15. Qc2 Ne4 16. f3 Nxc3 17. bxc3 O-O 18. Rb1 Qc7 19. e4 fxe4 20. fxe4 Bg4 21.
exd5 Bxe2 22. Bxe2 Nf4 23. dxc6 Nxe2+ 24. Qxe2 bxc6 25. Qg4 h6 26. Qe6+ Kg7 27.
Rxf8 Rxf8 28. Re1 Qf4 29. Qe5+ Qxe5 30. Rxe5 Kf6 31. Rc5 Rc8 32. d5 Ke5 33.
Rxc6 Rb8 34. c4 Rb1+ 35. Kf2 Rb2+ 36. Ke3 Rxa2 37. Re6+ Kf5 38. g4+ Kxg4 39. d6
Ra1 40. Kd4 a5 41. Kc5 a4 42. d7 1-0

[Event "Championnat de France - Open B"]
[Site "Aix-les-Bains"]
[Date "????.??.??"]
[Round "2.1"]
[White "Fabet, Olivier"]
[Black "Giry, Jean-Marc"]
[Result "1/2-1/2"]
[WhiteElo "1895"]
[BlackElo "2000"]
[PlyCount "85"]

1. e4 b6 2. d4 e6 3. f4 Bb7 4. Nc3 Bb4 5. Bd3 f5 6. Qe2 fxe4 7. Bxe4 Bxc3+ 8.
bxc3 Bxe4 9. Qxe4 Nc6 10. Nf3 Nf6 11. Qe2 O-O 12. O-O Nd5 13. Ng5 h6 14. Ne4
Qe8 15. Bd2 Qg6 16. c4 Nf6 17. Nxf6+ Qxf6 18. c3 Qf5 19. Be3 Qe4 20. Rf3 Rf6
21. Raf1 Raf8 22. c5 Ne7 23. cxb6 axb6 24. Qb5 c6 25. Qe5 Qd5 26. Qxd5 Nxd5 27.
Bd2 Ra8 28. Ra1 b5 29. g3 Ra3 30. Kf2 Rf8 31. c4 Rxf3+ 32. Kxf3 bxc4 33. a4 c3
34. Bc1 g5 35. Ke4 gxf4 36. Bxf4 Kg7 37. Ke5 Rf5+ 38. Kd6 Nxf4 39. gxf4 Rd5+
40. Kc7 Rxd4 41. a5 c2 42. Rc1 Ra4 43. Kb6 1/2-1/2

[Event "Championnat de France - Open B"]
[Site "Aix-les-Bains"]
[Date "????.??.??"]
[Round "2.2"]
[White "Roullois, Jerome"]
[Black "Le Diouron, Aurelie"]
[Result "0-1"]
[WhiteElo "1891"]
[BlackElo "1995"]
[PlyCount "46"]

1. d4 Nf6 2. Nf3 g6 3. Bf4 Bg7 4. e3 d6 5. Bc4 O-O 6. Nbd2 c6 7. h3 b5 8. Bb3
Bb7 9. c3 Nbd7 10. g4 c5 11. Qe2 e5 12. dxe5 dxe5 13. Bg5 c4 14. Bc2 Nc5 15.
O-O-O Nd3+ 16. Kb1 e4 17. Nd4 Qa5 18. Bxf6 Bxf6 19. h4 Bd5 20. f3 exf3 21.
N2xf3 b4 22. h5 bxc3 23. b3 Nb4 0-1

[Event "Championnat de France - Open B"]
[Site "Aix-les-Bains"]
[Date "????.??.??"]
[Round "2.3"]
[White "Saez, Nicolas"]
[Black "Iwanesko, Alexandre"]
[Result "1-0"]
[WhiteElo "1989"]
[BlackElo "1882"]
[PlyCount "107"]

1. e4 c5 2. Nc3 e6 3. g3 Nc6 4. Bg2 g6 5. d3 Bg7 6. Be3 d6 7. Qd2 Nge7 8. Bh6
Bxh6 9. Qxh6 Ng8 10. Qd2 Rb8 11. Nge2 e5 12. f4 Nge7 13. fxe5 dxe5 14. Qh6 Ng8
15. Qg7 Qf6 16. Qxf6 Nxf6 17. O-O Nh5 18. Nd5 O-O 19. Bf3 Ng7 20. Nf6+ Kh8 21.
Nc3 Ne8 22. Ncd5 Nxf6 23. Nxf6 Kg7 24. Bg2 Nb4 25. Rf2 Be6 26. a3 Nc6 27. Re1
b6 28. g4 h6 29. h3 Nd4 30. c3 Nc6 31. Nd5 Rbe8 32. Ref1 Bxd5 33. exd5 Nb8 34.
Be4 Nd7 35. h4 Rd8 36. h5 b5 37. hxg6 fxg6 38. Rxf8 Nxf8 39. c4 a6 40. Rc1 Nd7
41. b4 Rb8 42. d6 cxb4 43. cxb5 axb5 44. Rc7 bxa3 45. Rxd7+ Kf6 46. Bd5 b4 47.
Rf7+ Kg5 48. Bb3 Rd8 49. d7 Kxg4 50. Be6+ Kh5 51. Re7 g5 52. Re8 b3 53. Rxd8 a2
54. Ra8 1-0

[Event "Championnat de France - Open B"]
[Site "Aix-les-Bains"]
[Date "????.??.??"]
[Round "2.4"]
[White "Milton, Stephane"]
[Black "Gey, Marc-Emile"]
[Result "1/2-1/2"]
[WhiteElo "1890"]
[BlackElo "1985"]
[PlyCount "61"]

1. e4 d6 2. d4 Nf6 3. Nc3 Nbd7 4. Nf3 e5 5. dxe5 dxe5 6. Bc4 Bc5 7. O-O O-O 8.
Bg5 c6 9. Qe2 h6 10. Bh4 Re8 11. Rad1 b5 12. Bb3 Qe7 13. a4 a6 14. Nb1 Nb6 15.
axb5 axb5 16. Bg3 Bg4 17. h3 Bh5 18. Nbd2 Nfd7 19. Bh2 Bd6 20. g4 Bg6 21. Ra1
Nc5 22. Bg3 Nxb3 23. Nxb3 Nc4 24. c3 f6 25. Nh4 Bh7 26. Nf5 Bxf5 27. exf5 Qb7
28. f3 Rxa1 29. Rxa1 Ra8 30. Rb1 Ra2 31. Nc1 1/2-1/2

[Event "Championnat de France - Open B"]
[Site "Aix-les-Bains"]
[Date "????.??.??"]
[Round "2.5"]
[White "Tournier, Jean-Pascal"]
[Black "Chapdelaine, Romain"]
[Result "0-1"]
[WhiteElo "1888"]
[BlackElo "1970"]
[PlyCount "44"]

1. e4 c5 2. Nc3 e6 3. f4 Ne7 4. Nf3 a6 5. d4 cxd4 6. Nxd4 Nbc6 7. a3 Nxd4 8.
Qxd4 Nc6 9. Qf2 b5 10. Be3 b4 11. axb4 Bxb4 12. Bd3 d5 13. Bc5 d4 14. Bxb4 Nxb4
15. Ne2 Nc6 16. O-O O-O 17. b3 e5 18. fxe5 Nxe5 19. Rfd1 a5 20. Qxd4 Qg5 21.
Qf2 Ng4 22. Qf4 Qc5+ 0-1

[Event "Championnat de France - Open B"]
[Site "Aix-les-Bains"]
[Date "????.??.??"]
[Round "2.6"]
[White "Giua, Stephanie"]
[Black "Saunier, Serge"]
[Result "1-0"]
[WhiteElo "1968"]
[BlackElo "1880"]
[PlyCount "61"]

1. e4 e6 2. d4 d5 3. Nd2 c5 4. Ngf3 Nc6 5. exd5 Qxd5 6. Bc4 Qd8 7. Nb3 cxd4 8.
Nbxd4 Nxd4 9. Qxd4 Qxd4 10. Nxd4 a6 11. a4 Nf6 12. Bf4 Be7 13. O-O O-O 14. Be2
Nd5 15. Bg3 Bf6 16. Rfd1 e5 17. Nb3 Nb4 18. c3 Nc6 19. Bf3 Be7 20. Bxc6 bxc6
21. Bxe5 Be6 22. Nd4 Bd7 23. Nc2 Ra7 24. Bd6 Be6 25. Bxe7 Rxe7 26. Nb4 Rb7 27.
Rd2 Rfb8 28. Rad1 g6 29. Nxc6 Rf8 30. Nd8 Rb6 31. Nxe6 1-0

[Event "Championnat de France - Open B"]
[Site "Aix-les-Bains"]
[Date "????.??.??"]
[Round "2.7"]
[White "Tissot, Fabien"]
[Black "Lepot, Simon"]
[Result "1/2-1/2"]
[WhiteElo "1883"]
[BlackElo "1964"]
[PlyCount "116"]

1. d4 Nf6 2. c4 e6 3. Nc3 Bb4 4. Qc2 c5 5. dxc5 Na6 6. a3 Bxc3+ 7. Qxc3 Nxc5 8.
f3 a5 9. Be3 b6 10. Bf2 d6 11. e4 Qc7 12. Ne2 a4 13. Nd4 Bd7 14. Rd1 O-O 15.
Be2 e5 16. Nb5 Bxb5 17. cxb5 Rac8 18. O-O Rfd8 19. Qc4 Qa7 20. Rc1 Qa8 21. Qb4
Qa7 22. Bh4 Qb7 23. Bc4 h6 24. Qd2 Qe7 25. Rfd1 g5 26. Bf2 Nh5 27. g3 Ng7 28.
Qb4 Qa7 29. b3 axb3 30. Bxb3 Nge6 31. Bxe6 fxe6 32. Ra1 d5 33. exd5 exd5 34.
Qg4 Qf7 35. h4 Rf8 36. hxg5 Qxf3 37. Qxf3 Rxf3 38. Rxd5 hxg5 39. Rxe5 Rxf2 40.
Rxg5+ Kf7 41. Rxc5 Rxc5 42. Kxf2 Rxb5 43. a4 Ra5 44. Rb1 Rxa4 45. Rxb6 Kg7 46.
Kg2 Ra1 47. g4 Ra3 48. Rb5 Kg6 49. Rf5 Rb3 50. Rf3 Rxf3 51. Kxf3 Kg5 52. Kg3
Kg6 53. Kf4 Kf6 54. g5+ Kg6 55. Kg4 Kg7 56. Kf5 Kf7 57. g6+ Kg7 58. Kg5 Kg8
1/2-1/2

[Event "Championnat de France - Open B"]
[Site "Aix-les-Bains"]
[Date "????.??.??"]
[Round "2.8"]
[White "Darcet, Bruno"]
[Black "Gadarinian, Caroline"]
[Result "0-1"]
[WhiteElo "1961"]
[BlackElo "1878"]
[PlyCount "68"]

1. d4 d5 2. e4 dxe4 3. Nc3 Nf6 4. f3 e3 5. Bxe3 g6 6. Qd2 Bg7 7. O-O-O Nd5 8.
Nxd5 Qxd5 9. Kb1 O-O 10. Ne2 Be6 11. Nc3 Qa5 12. Bb5 Bxa2+ 13. Nxa2 Qxb5 14.
Bh6 Rd8 15. Bxg7 Kxg7 16. h4 h6 17. g4 e6 18. h5 g5 19. f4 Nc6 20. Nc3 Qa5 21.
d5 exd5 22. fxg5 d4 23. gxh6+ Kh7 24. Qf4 f5 25. Qg5 Rg8 26. Qf6 Raf8 27. Qe6
dxc3 28. Rd7+ Kh8 29. h7 Rxg4 30. Rf7 Rxf7 31. Qxf7 cxb2 32. Qf6+ Kxh7 33. Qf7+
Rg7 34. Qa2 Qxa2+ 0-1

[Event "Championnat de France - Open B"]
[Site "Aix-les-Bains"]
[Date "????.??.??"]
[Round "2.9"]
[White "Riols, Jacques"]
[Black "Lagunes, Matthieu"]
[Result "1/2-1/2"]
[WhiteElo "1960"]
[BlackElo "1868"]
[PlyCount "107"]

1. e4 c5 2. Nf3 Nc6 3. d4 cxd4 4. Nxd4 Nf6 5. Nc3 e5 6. Nb3 d6 7. Bg5 Be7 8.
Qd2 a6 9. O-O-O Be6 10. Kb1 Rc8 11. f3 b5 12. Be3 Na5 13. Qf2 Nd7 14. f4 Nxb3
15. cxb3 f5 16. fxe5 Nxe5 17. Be2 O-O 18. Bd4 Qc7 19. Qe3 fxe4 20. Nxe4 Bf5 21.
Ka1 Qc2 22. Nc3 Nc6 23. Rc1 Nxd4 24. Qxd4 Rxc3 25. Rxc2 Rxc2 26. Bd3 Rd2 27.
Qe3 Rxd3 28. Qxe7 d5 29. Qe2 d4 30. Qe5 Bg6 31. Rc1 Re8 32. Qd5+ Bf7 33. Qd7
Rd2 34. a3 d3 35. Rc8 Rd1+ 36. Ka2 Rde1 37. Rxe8+ Rxe8 38. Qxd3 h6 39. Qf3 a5
40. Kb1 Bg6+ 41. Kc1 Rc8+ 42. Kd1 Kh7 43. Qd5 Rc2 44. b4 axb4 45. axb4 Rxb2 46.
Qxb5 Rxg2 47. h4 Rh2 48. Qc4 Rh1+ 49. Kd2 Rh2+ 50. Ke1 Rh1+ 51. Kf2 Rh2+ 52.
Kg3 Rc2 53. Qd4 Re2 54. h5 1/2-1/2

[Event "Championnat de France - Open B"]
[Site "Aix-les-Bains"]
[Date "????.??.??"]
[Round "2.10"]
[White "Miras, Christophe"]
[Black "Leroux, Mathieu"]
[Result "1-0"]
[WhiteElo "1871"]
[BlackElo "1954"]
[PlyCount "110"]

1. d4 Nf6 2. Nf3 e6 3. e3 b6 4. Bd3 Bb7 5. O-O d5 6. Nbd2 Nbd7 7. b3 Bd6 8. Bb2
O-O 9. Ne5 c5 10. f4 Ne4 11. Ndf3 f6 12. Nxd7 Qxd7 13. Qe2 Rac8 14. c4 Qe7 15.
Rad1 Rfe8 16. Rfe1 Rcd8 17. Qc2 Rc8 18. Nd2 f5 19. Nf3 cxd4 20. Nxd4 dxc4 21.
Bxc4 Rxc4 22. Qxc4 Qh4 23. Qe2 Bb4 24. Rf1 Bc3 25. Nf3 Qf6 26. Ne5 Bd5 27. Rc1
Bxb2 28. Qxb2 Qe7 29. Qc2 Qc5 30. Qxc5 bxc5 31. Rc2 a5 32. Nd3 a4 33. bxa4 c4
34. Nb2 c3 35. Nd1 Ra8 36. Nxc3 Nxc3 37. Rxc3 Rxa4 38. Rc2 Rxa2 39. Rxa2 Bxa2
40. Ra1 Bd5 41. Ra7 h6 42. Kf2 Kh7 43. g3 Kg6 44. Ke2 Kf6 45. Kd3 Bf3 46. Kd4
Be4 47. Kc5 Bd5 48. Rd7 Bb3 49. Kd6 Bc4 50. Rd8 Kf7 51. Rc8 Bb5 52. Ke5 Ke7 53.
Rc7+ Bd7 54. Ra7 g5 55. Rc7 Kd8 1-0

[Event "Championnat de France - Open B"]
[Site "Aix-les-Bains"]
[Date "????.??.??"]
[Round "3.1"]
[White "Le Diouron, Aurelie"]
[Black "Potaux, Olivier"]
[Result "1-0"]
[WhiteElo "1995"]
[BlackElo "1913"]
[PlyCount "47"]

1. e4 d5 2. exd5 Qxd5 3. Nc3 Qa5 4. d4 c6 5. Bc4 Bf5 6. Nge2 e6 7. Bd2 Nd7 8.
Ng3 Bg6 9. h4 h5 10. Nd5 Qd8 11. Nf4 Qf6 12. c3 Bd6 13. Nxg6 Qxg6 14. Qf3 Ngf6
15. O-O-O O-O-O 16. Bg5 Qh7 17. Bd3 Qg8 18. Ne4 Be7 19. c4 Qf8 20. Kb1 Nxe4 21.
Bxe4 Nf6 22. Bxc6 bxc6 23. Qxc6+ Kb8 24. Bf4+ 1-0

[Event "Championnat de France - Open B"]
[Site "Aix-les-Bains"]
[Date "????.??.??"]
[Round "3.2"]
[White "Larribere, Hadrien"]
[Black "Saez, Nicolas"]
[Result "1/2-1/2"]
[WhiteElo "1920"]
[BlackElo "1989"]
[PlyCount "57"]

1. d4 d5 2. Bf4 Nf6 3. e3 Bf5 4. c4 e6 5. Nf3 Be7 6. Nbd2 Nbd7 7. Be2 O-O 8.
O-O c5 9. Rc1 Rc8 10. a3 dxc4 11. Nxc4 Nb6 12. Qb3 Nfd5 13. Bg3 Nxc4 14. Bxc4
Nb6 15. Be2 Be4 16. dxc5 Bxc5 17. Rfd1 Qe7 18. Qb5 a6 19. Qa5 Nd5 20. Qa4 f5
21. Nd4 Bxd4 22. Qxd4 Rcd8 23. Qe5 Rc8 24. Qd4 Rcd8 25. b4 Nf4 26. Qb2 Nxe2+
27. Qxe2 Rxd1+ 28. Rxd1 Rd8 29. Rxd8+ 1/2-1/2

[Event "Championnat de France - Open B"]
[Site "Aix-les-Bains"]
[Date "????.??.??"]
[Round "3.3"]
[White "Chapdelaine, Romain"]
[Black "Lamard, Guillaume"]
[Result "1-0"]
[WhiteElo "1970"]
[BlackElo "1902"]
[PlyCount "61"]

1. c4 Nf6 2. Nf3 c5 3. Nc3 e6 4. g3 Nc6 5. Bg2 d5 6. cxd5 Nxd5 7. O-O Be7 8. a3
O-O 9. d3 Nc7 10. b3 e5 11. Bb2 f6 12. Rc1 Ne6 13. Nd2 Ned4 14. Na4 Qa5 15. e3
Ne6 16. Bd5 Rd8 17. Nc3 Kh8 18. f4 Nc7 19. Bxc6 bxc6 20. Nc4 Qa6 21. fxe5 f5
22. e4 Rf8 23. Ne2 fxe4 24. Nf4 Ne6 25. Qh5 Nxf4 26. gxf4 Bf5 27. dxe4 Bxe4 28.
f5 Rg8 29. Rce1 Bd5 30. Re3 Raf8 31. Qxh7+ 1-0

[Event "Championnat de France - Open B"]
[Site "Aix-les-Bains"]
[Date "????.??.??"]
[Round "3.4"]
[White "Ignjatovic, Miroslav"]
[Black "Giua, Stephanie"]
[Result "0-1"]
[WhiteElo "1916"]
[BlackElo "1968"]
[PlyCount "122"]

1. e4 c5 2. Nf3 d6 3. Bb5+ Bd7 4. a4 Nc6 5. O-O Nf6 6. Nc3 e6 7. d4 cxd4 8.
Nxd4 Rc8 9. Be3 Ne5 10. f3 a6 11. Be2 Nc4 12. Bxc4 Rxc4 13. a5 Be7 14. Qd3 Rc8
15. Rfc1 O-O 16. Bd2 Qc7 17. Na4 Bxa4 18. Rxa4 d5 19. exd5 Nxd5 20. Kh1 Bd6 21.
g3 Rfd8 22. Qe2 Be5 23. c3 Ne7 24. Be3 Qd7 25. Rc4 Rxc4 26. Qxc4 Rc8 27. Qe2
Qc7 28. b4 Qc4 29. Qe1 Nc6 30. Ne2 Bf6 31. Qf1 Qd3 32. Bc5 Ne5 33. f4 Qe4+ 34.
Qg2 Qxg2+ 35. Kxg2 Nd3 36. Rc2 Nxc5 37. bxc5 Rxc5 38. Ra2 Bxc3 39. Nxc3 Rxc3
40. Kf2 Kf8 41. Ke2 Ke7 42. Kd2 Rb3 43. Ke2 f6 44. Kf2 e5 45. fxe5 fxe5 46. h4
h5 47. Rc2 Rb5 48. Ra2 Kf6 49. Kf3 Kf5 50. Ra4 Rb3+ 51. Kf2 e4 52. Kg2 Rb2+ 53.
Kf1 e3 54. Rf4+ Ke5 55. Ra4 Rf2+ 56. Kg1 Rf7 57. Ra2 Ke4 58. Ra4+ Kf3 59. Ra3
Rd7 60. Ra1 Kxg3 61. Re1 e2 0-1

[Event "Championnat de France - Open B"]
[Site "Aix-les-Bains"]
[Date "????.??.??"]
[Round "3.5"]
[White "Jardine, Ludovic"]
[Black "Bollard, Maxime"]
[Result "1/2-1/2"]
[WhiteElo "1912"]
[BlackElo "1949"]
[PlyCount "83"]

1. d4 d6 2. Bf4 g6 3. e3 Bg7 4. Nf3 Nd7 5. h3 e5 6. Bh2 f5 7. Be2 e4 8. Nfd2
Ne7 9. O-O Nf6 10. c4 O-O 11. Nc3 Kh8 12. Rc1 c6 13. b4 d5 14. b5 a6 15. bxa6
bxa6 16. cxd5 cxd5 17. Na4 g5 18. Nb3 Bh6 19. Bc7 Qe8 20. Nbc5 Ng6 21. Nb6 Ra7
22. Bb8 Raf7 23. Nxc8 Qxc8 24. Nxa6 Qe8 25. Qb3 f4 26. Bb5 Qe6 27. Rc6 Qf5 28.
Bd6 Rg8 29. Be5 Nxe5 30. dxe5 Qxe5 31. Qc3 Qf5 32. Nc7 Bg7 33. Ne6 g4 34. Nxg7
Kxg7 35. h4 g3 36. exf4 gxf2+ 37. Rxf2 Kh8 38. Kh2 e3 39. Rf1 Qg4 40. Qb2 Qxh4+
41. Kg1 Rfg7 42. Qxf6 1/2-1/2

[Event "Championnat de France - Open B"]
[Site "Aix-les-Bains"]
[Date "????.??.??"]
[Round "3.6"]
[White "Gertosio, Franck"]
[Black "Rocland, Theo"]
[Result "1-0"]
[WhiteElo "1903"]
[BlackElo "1946"]
[PlyCount "39"]

1. e4 e5 2. f4 Bc5 3. Nf3 d6 4. c3 f5 5. fxe5 dxe5 6. Qe2 Qe7 7. exf5 e4 8. Nd4
Bxd4 9. cxd4 Nc6 10. Qh5+ Qf7 11. Qxf7+ Kxf7 12. Bc4+ Ke7 13. O-O Nxd4 14. Nc3
Bxf5 15. d3 exd3 16. Be3 Nc2 17. Rxf5 Nxa1 18. Bc5+ Kd7 19. Rf7+ Kc6 20. b4 1-0

[Event "Championnat de France - Open B"]
[Site "Aix-les-Bains"]
[Date "????.??.??"]
[Round "3.7"]
[White "Castro, John"]
[Black "Charbonnel, Jean-Jacques"]
[Result "1/2-1/2"]
[WhiteElo "1901"]
[BlackElo "1938"]
[PlyCount "57"]

1. c4 Nf6 2. Nc3 g6 3. d4 Bg7 4. Nf3 O-O 5. g3 d6 6. Bg2 Nbd7 7. O-O c6 8. e4
e5 9. b3 Re8 10. h3 exd4 11. Nxd4 Nc5 12. Re1 a5 13. Rb1 Qc7 14. a3 Bd7 15. b4
axb4 16. axb4 Ne6 17. Nf3 h6 18. Qd3 Nh7 19. Bb2 Neg5 20. Nxg5 Nxg5 21. Kh2 f5
22. f4 fxe4 23. Nxe4 Nxe4 24. Bxg7 Kxg7 25. Rxe4 Bf5 26. Qd4+ Kh7 27. Rxe8 Rxe8
28. Rb2 Qe7 29. Rd2 1/2-1/2

[Event "Championnat de France - Open B"]
[Site "Aix-les-Bains"]
[Date "????.??.??"]
[Round "3.8"]
[White "Millon, Valentin"]
[Black "Dumont, Gilles"]
[Result "1-0"]
[WhiteElo "1938"]
[BlackElo "1896"]
[PlyCount "117"]

1. e4 e5 2. Nf3 Nc6 3. Bc4 Be7 4. O-O Nf6 5. d3 O-O 6. Re1 d6 7. c3 a6 8. Bb3
Na5 9. Bc2 c5 10. Nbd2 Nc6 11. Nf1 Re8 12. Ng3 g6 13. h3 Bf8 14. d4 cxd4 15.
cxd4 exd4 16. Nxd4 Nxd4 17. Qxd4 Bg7 18. Qd3 Qb6 19. Be3 Qxb2 20. Bd4 Qb4 21.
Rab1 Qa5 22. Qf3 Qd2 23. Bxf6 Qxc2 24. Nh5 gxh5 25. Qg3 Bg4 26. Bxg7 Kxg7 27.
hxg4 hxg4 28. Qxg4+ Kf8 29. Rxb7 Qxa2 30. Qh4 Qe6 31. Qxh7 Qg6 32. Qh8+ Qg8 33.
Qh6+ Qg7 34. Qxd6+ Kg8 35. Re3 Re6 36. Rb8+ Rxb8 37. Qxb8+ Kh7 38. e5 Rh6 39.
Rf3 Rg6 40. Rh3+ Rh6 41. Rf3 Rg6 42. g3 Qg8 43. Qb7 Kg7 44. Qe7 Qf8 45. Qxf8+
Kxf8 46. Ra3 Ke7 47. Kg2 Rb6 48. f4 f5 49. exf6+ Rxf6 50. Kf3 Rh6 51. Kg4 Rb6
52. Kg5 Rb5+ 53. f5 a5 54. g4 Kf7 55. Rc3 Rb6 56. Rc7+ Kf8 57. Ra7 Rb5 58. Kg6
Rb4 59. g5 1-0

[Event "Championnat de France - Open B"]
[Site "Aix-les-Bains"]
[Date "????.??.??"]
[Round "3.9"]
[White "Gadarinian, Caroline"]
[Black "Bismuth, Lea"]
[Result "1/2-1/2"]
[WhiteElo "1878"]
[BlackElo "1931"]
[PlyCount "72"]

1. Nf3 Nf6 2. d4 g6 3. Bg5 Bg7 4. c3 d6 5. Nbd2 Nbd7 6. e3 O-O 7. Bd3 e5 8. O-O
h6 9. Bxf6 Qxf6 10. Qb3 Kh8 11. Nc4 Qe7 12. e4 f5 13. Rfe1 f4 14. dxe5 dxe5 15.
Be2 b6 16. Nfd2 Nc5 17. Qc2 Bb7 18. b4 Ne6 19. a4 Ng5 20. a5 b5 21. a6 Bc8 22.
Nb2 f3 23. Nxf3 Nxf3+ 24. Bxf3 Rf6 25. Nd3 Bxa6 26. Nc5 Bc8 27. Qe2 c6 28. Red1
a5 29. Bg4 a4 30. Bxc8 Rxc8 31. Rd7 Qe8 32. Rad1 Bf8 33. Na6 Rf7 34. Rxf7 Qxf7
35. Qg4 Ra8 36. Rd7 Qf4 1/2-1/2

[Event "Championnat de France - Open B"]
[Site "Aix-les-Bains"]
[Date "????.??.??"]
[Round "3.10"]
[White "Brient, Yoann"]
[Black "Miras, Christophe"]
[Result "1/2-1/2"]
[WhiteElo "1930"]
[BlackElo "1871"]
[PlyCount "59"]

1. d4 f5 2. Nf3 Nf6 3. Bg5 Ne4 4. h4 h6 5. Bf4 d6 6. Nbd2 Nf6 7. e3 Be6 8. Bd3
g6 9. e4 fxe4 10. Nxe4 Bf7 11. Qd2 Nbd7 12. O-O-O c6 13. Nxd6+ exd6 14. Rhe1+
Be7 15. Bxd6 Ng8 16. Qb4 Kf8 17. Rxe7 Nxe7 18. Re1 Kg8 19. Rxe7 Nf6 20. Ne5 Nd5
21. Qc5 Nxe7 22. Nxf7 Kxf7 23. Bc4+ Nd5 24. Bxd5+ cxd5 25. Qxd5+ Kf6 26. Qe5+
Kf7 27. Qd5+ Kf6 28. Qe5+ Kf7 29. Qd5+ Kf6 30. Qe5+ 1/2-1/2